Clone, growth and stimulation : latex production factors (Record no. 55763)

MARC details
000 -LEADER
fixed length control field 01319nam a2200253Ia 4500
100 ## - MAIN ENTRY--AUTHOR NAME
Personal name Gohet E
245 #0 - TITLE STATEMENT
Title Clone, growth and stimulation : latex production factors
260 ## - PUBLICATION, DISTRIBUTION, ETC. (IMPRINT)
Name of publisher Plantations, Recherche, Developpement
Year of publication 1996
300 ## - PHYSICAL DESCRIPTION
Number of Pages 30-38
500 ## - GENERAL NOTE
General note Source Year: 1996
520 ## - SUMMARY, ETC.
Summary, etc Variations in tree growth, yields and physiological condition (in terms of latex sucrose and mineral P contents) of 5 Hevea clones (AF 261, AVROS 2037, PB 217, GT 1 and PB 235) under up to 78 stimulations per year (using Ethrel [ethephon]) were studied in a 7-year trial. The results indicated strong competition for assimilate distribution between growth and production and revealed the limits of effective stimulation for each clone. Beyond these clonal limits, serious malfunctioning occured. It was concluded that in order to be effective, stimulation must only be used if the clone typology and physiological condition of the latex-bearing tissue in the topped trees are precisely known.
650 ## - SUBJECT ADDED ENTRY--TOPICAL TERM
Topical Term Growth
650 ## - SUBJECT ADDED ENTRY--TOPICAL TERM
Topical Term Hevea brasiliensis
650 ## - SUBJECT ADDED ENTRY--TOPICAL TERM
Topical Term Hevea clones
650 ## - SUBJECT ADDED ENTRY--TOPICAL TERM
Topical Term Laticifers
650 ## - SUBJECT ADDED ENTRY--TOPICAL TERM
Topical Term Stimulation
700 ## - ADDED ENTRY--PERSONAL NAME
Personal name Clement A
700 ## - ADDED ENTRY--PERSONAL NAME
Personal name Eschbach J M
700 ## - ADDED ENTRY--PERSONAL NAME
Personal name Jacob J L
700 ## - ADDED ENTRY--PERSONAL NAME
Personal name Prevot J C
856 ## - ELECTRONIC LOCATION AND ACCESS
Uniform Resource Identifier HOA
942 ## - ADDED ENTRY ELEMENTS (KOHA)
Koha item type Journals
Holdings
Withdrawn status Lost status Damaged status Not for loan Home library Current library Shelving location Date acquired Serial Enumeration / chronology Koha item type
      Journals RRII Library RRII Library Physiology 17/12/2021 Volume 3, Issue 1 Journals